The Sea: Life Nature Library (Record no. 258020)
[ view plain ]
| 000 -LEADER | |
|---|---|
| fixed length control field | 00204 a2200097 4500 |
| 001 - CONTROL NUMBER | |
| control field | 22947 |
| 090 ## - LOCALLY ASSIGNED LC-TYPE CALL NUMBER (OCLC); LOCAL CALL NUMBER (RLIN) | |
| -- | 15529 |
| -- | 15529 |
| 100 ## - MAIN ENTRY--PERSONAL NAME | |
| Personal name | Ley, W |
| 245 ## - TITLE STATEMENT | |
| Title | The Sea: Life Nature Library |
| 260 ## - PUBLICATION, DISTRIBUTION, ETC. | |
| Place of publication, distribution, etc. | |
| Name of publisher, distributor, etc. | Life |
| Date of publication, distribution, etc. | 1963 |
| 942 ## - ADDED ENTRY ELEMENTS (KOHA) | |
| Institution code [OBSOLETE] | NUST-CAE |
| Koha item type | |
| -- | |
| Withdrawn status | Lost status | Damaged status | Not for loan | Collection code | Permanent Location | Current Location | Date acquired | Total Checkouts | Barcode | Date last seen | Price effective from | Koha item type |
|---|---|---|---|---|---|---|---|---|---|---|---|---|
| College of Aeronautical Engineering (CAE) | College of Aeronautical Engineering (CAE) | 04/03/2017 | CAE10216 | 04/05/2017 | 04/05/2017 | Book | ||||||
| College of Aeronautical Engineering (CAE) | College of Aeronautical Engineering (CAE) | 04/03/2017 | CAE10217 | 04/05/2017 | 04/05/2017 | Book |
